LEADER 00418nab a2200145 i 4500 001 000000259506 003 CaOOAMICUS 005 20050127000000.0 008 050127n xx uu u0 0und r 013 $a145 040 $aSeMil$bita 245 10$a[SENZA TITOLO]. - 20 p. 500 $a18 février 2004. 773 0 $t[2004].$dGenéve : ENI, copyr. 2004.$w()117252 996 $6245$a[SENZA TITOLO]. - 20 p.$9(OLS)http://semarc/title/354654 LEADER 00790nam a2200181 i 4500 001 000000204399 003 CaOOAMICUS 005 20110726000000.0 008 110726s1804 it u000 u ita u 013 $a183120 026 $ae.i. e.do a-e- Odec (3) 1804 (A) 040 $aSeMil$bita 245 10$aVol. 2. 300 $a[2], 479, [1] p. 773 0 $aVarchi, Benedetto <1503-1565>$tErcolano dialogo di messer Benedetto Varchi nel quale si ragiona delle lingue, ed in particolare della toscana e della fiorentina. Volume primo [-secondo].$dMilano : Tip. de' Classici Italiani, contrada di S. Margherita, n.° 1118, 1804.$g2$w()25229 850 $aSeMil 852 $aSeMil$W1$xVenegono$y1$m1H I 12 FA$j154893$B154893$CSeMilBibl$Z2$F165736 $8I 996 $6245$aVol. 2$9(OLS)http://semarc/title/13458